Estatísticas para Legião Urbana - Quase Sem Querer

Clique aqui para jogar o quiz

Estatísticas Gerais

  • Esse quiz foi jogado 60 vezes
  • A pontuação média é 38 de 45

Estatísticas das Respostas

Letras% Correto
Impaciente e {indeciso}
98%
Tenho andado {distraído}
98%
Me fiz em mil {pedaços} pra você juntar
96%
Provar nada pra {ninguém}
96%
Quando o que {eu} mais queria
96%
Quase ninguém {vê}
96%
Quase ninguém {vê}
96%
Que {eu} não precisava
96%
Se {eu} não sei porquê
96%
Se {eu} não sei porquê
96%
E ainda estou {confuso}
94%
E eu sei que {você} sabe
94%
E eu sei que {você} sabe
94%
Que eu vejo o mesmo que {você}
94%
Que eu vejo o mesmo que {você}
94%
Só que agora é {diferente}
94%
Era provar pra {todo} {mundo}
88%
Já não me {preocupo}
88%
Já não me {preocupo}
88%
Como um {anjo} caído
83%
É sempre a pior {mentira}
83%
Quantas {chances} desperdicei
83%
Que {mentir} pra si mesmo
83%
A ponto de {saber} tudo
81%
{Quase} {sem} {querer}
81%
{Quase} {sem} {querer}
81%
{Explicação} pro que eu sentia
79%
Mas não {sou} mais
79%
Mas quais são as {palavras}
79%
{Palavras} repetidas
79%
Tão {criança}
79%
Um dos {deuses} mais lindos
79%
{Às} {vezes} o que eu vejo
77%
{Às} {vezes} o que eu vejo
77%
Que nunca são {ditas}?
77%
E queria {sempre} achar
75%
Fiz questão de {esquecer}
75%
Sou tão {tranquilo} e tão contente
73%
Tão correto e tão {bonito}
73%
O {infinito} é realmente
71%
Me {disseram} que você
67%
Sei que às vezes {uso}
67%
Como lhe {quero} tanto
65%
E foi então que eu {percebi}
65%
Estava {chorando}
63%

Distribuição das Pontuações

Percentil de Números Respondidos

Porcentagem de Pessoas com Cada Pontuação

Sua Pontuação Histórica

Você não jogou esse quiz